<?xml version="1.0" encoding="UTF-8"?>
<collection xmlns="http://www.loc.gov/MARC21/slim">
 <record>
  <leader>03260cam a2200613   4500</leader>
  <controlfield tag="001">1611761166</controlfield>
  <controlfield tag="003">DE-627</controlfield>
  <controlfield tag="005">20230713134401.0</controlfield>
  <controlfield tag="007">tu</controlfield>
  <controlfield tag="008">930209s1982    xxu|||||      00| ||eng c</controlfield>
  <datafield tag="010" ind1=" " ind2=" ">
   <subfield code="a">   81047946 </subfield>
  </datafield>
  <datafield tag="016" ind1="7" ind2=" ">
   <subfield code="a">b8241121</subfield>
   <subfield code="2">UK</subfield>
  </datafield>
  <datafield tag="020" ind1=" " ind2=" ">
   <subfield code="a">0691039879</subfield>
   <subfield code="9">0-691-03987-9</subfield>
  </datafield>
  <datafield tag="035" ind1=" " ind2=" ">
   <subfield code="a">(DE-627)1611761166</subfield>
  </datafield>
  <datafield tag="035" ind1=" " ind2=" ">
   <subfield code="a">(DE-576)031808298</subfield>
  </datafield>
  <datafield tag="035" ind1=" " ind2=" ">
   <subfield code="a">(DE-599)BSZ031808298</subfield>
  </datafield>
  <datafield tag="035" ind1=" " ind2=" ">
   <subfield code="a">(OCoLC)266074407</subfield>
  </datafield>
  <datafield tag="035" ind1=" " ind2=" ">
   <subfield code="a">(OCoLC)07812971</subfield>
  </datafield>
  <datafield tag="035" ind1=" " ind2=" ">
   <subfield code="a">(OCoLC)266074407</subfield>
  </datafield>
  <datafield tag="040" ind1=" " ind2=" ">
   <subfield code="a">DE-627</subfield>
   <subfield code="b">ger</subfield>
   <subfield code="c">DE-627</subfield>
   <subfield code="e">rakwb</subfield>
  </datafield>
  <datafield tag="041" ind1=" " ind2=" ">
   <subfield code="a">eng</subfield>
  </datafield>
  <datafield tag="044" ind1=" " ind2=" ">
   <subfield code="c">XD-US</subfield>
  </datafield>
  <datafield tag="050" ind1=" " ind2="0">
   <subfield code="a">NK5349.A3B8</subfield>
  </datafield>
  <datafield tag="050" ind1=" " ind2="0">
   <subfield code="a">NK5349.A3</subfield>
  </datafield>
  <datafield tag="082" ind1="0" ind2=" ">
   <subfield code="a">748.594'4</subfield>
  </datafield>
  <datafield tag="082" ind1="0" ind2=" ">
   <subfield code="a">748.594/4</subfield>
  </datafield>
  <datafield tag="084" ind1=" " ind2=" ">
   <subfield code="a">9,10</subfield>
   <subfield code="a">1</subfield>
   <subfield code="2">ssgn</subfield>
  </datafield>
  <datafield tag="084" ind1=" " ind2=" ">
   <subfield code="a">LM 84142</subfield>
   <subfield code="2">rvk</subfield>
   <subfield code="0">(DE-625)rvk/101510:4</subfield>
  </datafield>
  <datafield tag="084" ind1=" " ind2=" ">
   <subfield code="a">LM 88382</subfield>
   <subfield code="2">rvk</subfield>
   <subfield code="0">(DE-625)rvk/101648:179</subfield>
  </datafield>
  <datafield tag="100" ind1="1" ind2=" ">
   <subfield code="a">Raguin, Virginia Chieffo</subfield>
   <subfield code="d">1941-</subfield>
   <subfield code="0">(DE-588)136716997</subfield>
   <subfield code="0">(DE-627)585861455</subfield>
   <subfield code="0">(DE-576)170135322</subfield>
   <subfield code="4">aut</subfield>
  </datafield>
  <datafield tag="245" ind1="1" ind2="0">
   <subfield code="a">Stained glass in thirteenth-century Burgundy</subfield>
   <subfield code="c">Virginia Chieffo Raguin</subfield>
  </datafield>
  <datafield tag="264" ind1=" " ind2="1">
   <subfield code="a">Princeton [u.a.]</subfield>
   <subfield code="b">Princeton University Press</subfield>
   <subfield code="c">1982</subfield>
  </datafield>
  <datafield tag="300" ind1=" " ind2=" ">
   <subfield code="a">XVIII, 182 S., [81] Bl.</subfield>
   <subfield code="b">Ill. (z.T. farb.), 1 Kt.</subfield>
  </datafield>
  <datafield tag="336" ind1=" " ind2=" ">
   <subfield code="a">Text</subfield>
   <subfield code="b">txt</subfield>
   <subfield code="2">rdacontent</subfield>
  </datafield>
  <datafield tag="337" ind1=" " ind2=" ">
   <subfield code="a">ohne Hilfsmittel zu benutzen</subfield>
   <subfield code="b">n</subfield>
   <subfield code="2">rdamedia</subfield>
  </datafield>
  <datafield tag="338" ind1=" " ind2=" ">
   <subfield code="a">Band</subfield>
   <subfield code="b">nc</subfield>
   <subfield code="2">rdacarrier</subfield>
  </datafield>
  <datafield tag="500" ind1=" " ind2=" ">
   <subfield code="a">Bibliography: p. [175]-178</subfield>
  </datafield>
  <datafield tag="500" ind1=" " ind2=" ">
   <subfield code="a">Includes index</subfield>
  </datafield>
  <datafield tag="583" ind1="1" ind2=" ">
   <subfield code="a">Archivierung/Langzeitarchivierung gewährleistet</subfield>
   <subfield code="f">SLG</subfield>
   <subfield code="z">Glas</subfield>
   <subfield code="2">pdager</subfield>
   <subfield code="5">DE-24</subfield>
  </datafield>
  <datafield tag="650" ind1=" " ind2="0">
   <subfield code="a">Glass painting and staining, Gothic</subfield>
   <subfield code="z">France</subfield>
   <subfield code="z">Burgundy</subfield>
  </datafield>
  <datafield tag="650" ind1=" " ind2="0">
   <subfield code="a">Glass painting and staining</subfield>
   <subfield code="z">France</subfield>
   <subfield code="z">Burgundy</subfield>
  </datafield>
  <datafield tag="650" ind1=" " ind2="4">
   <subfield code="a">France. Burgundy. Churches. Stained glass windows,++ca 1200-ca 1300</subfield>
  </datafield>
  <datafield tag="787" ind1="0" ind2="8">
   <subfield code="i">Rezensiert in</subfield>
   <subfield code="a">Frodl-Kraft, Eva, 1916 - 2011</subfield>
   <subfield code="t">[Rezension von: Virginia Chieffo Raguin, Stained glass in thirteenth century Burgundy]</subfield>
   <subfield code="d">1985</subfield>
   <subfield code="w">(DE-627)1852621877</subfield>
  </datafield>
  <datafield tag="787" ind1="0" ind2="8">
   <subfield code="i">Rezension:</subfield>
   <subfield code="a">Caviness, Madeline Harrison, 1938 - </subfield>
   <subfield code="t">Virginia Chieffo Raguin, Stained glass in thirteenth-century Burgundy</subfield>
   <subfield code="d">Cambridge, Mass. : Cambridge Univ. Press, 1985</subfield>
   <subfield code="h">S. 453-456</subfield>
   <subfield code="w">(DE-627)1529190762</subfield>
   <subfield code="w">(DE-576)459190768</subfield>
  </datafield>
  <datafield tag="787" ind1="0" ind2="8">
   <subfield code="i">Rezension:</subfield>
   <subfield code="a">Frodl-Kraft, Eva, 1916 - 2011</subfield>
   <subfield code="t">Virginia Chieffo Raguin, Stained glass in Thirteenth-Century Burgundy</subfield>
   <subfield code="d">Nürnberg : Carl, 1985</subfield>
   <subfield code="h">Seiten 57-61</subfield>
   <subfield code="w">(DE-627)1560045450</subfield>
   <subfield code="w">(DE-576)490045456</subfield>
  </datafield>
  <datafield tag="787" ind1="0" ind2="8">
   <subfield code="i">Rezensiert in</subfield>
   <subfield code="a">Cothren, Michael W.</subfield>
   <subfield code="t">[Rezension von: Raguin, Virginia Chieffo, Stained Glass in Thirteenth-Century Burgundy]</subfield>
   <subfield code="d">1984</subfield>
   <subfield code="w">(DE-627)1784337390</subfield>
  </datafield>
  <datafield tag="856" ind1="4" ind2="2">
   <subfield code="u">http://www.loc.gov/catdir/enhancements/fy1513/81047946-d.html</subfield>
   <subfield code="v">2015-08-31</subfield>
   <subfield code="x">Verlag</subfield>
   <subfield code="3">Verlagsangaben</subfield>
  </datafield>
  <datafield tag="889" ind1=" " ind2=" ">
   <subfield code="w">(DE-627)21590513X</subfield>
  </datafield>
  <datafield tag="935" ind1=" " ind2=" ">
   <subfield code="i">mdedup</subfield>
  </datafield>
  <datafield tag="936" ind1="r" ind2="v">
   <subfield code="a">LM 84142</subfield>
   <subfield code="b">romanisch</subfield>
   <subfield code="k">Kunst nach Ländern bzw. Kontinenten</subfield>
   <subfield code="k">Frankreich</subfield>
   <subfield code="k">Französische Kunstgeschichte nach Gattungen</subfield>
   <subfield code="k">Malerei</subfield>
   <subfield code="k">Geschichte der französischen Malerei nach Landschaften</subfield>
   <subfield code="k">Burgund</subfield>
   <subfield code="k">romanisch</subfield>
   <subfield code="0">(DE-627)1274839033</subfield>
   <subfield code="0">(DE-625)rvk/101510:4</subfield>
   <subfield code="0">(DE-576)204839033</subfield>
  </datafield>
  <datafield tag="936" ind1="r" ind2="v">
   <subfield code="a">LM 88382</subfield>
   <subfield code="b">gotisch</subfield>
   <subfield code="k">Kunst nach Ländern bzw. Kontinenten</subfield>
   <subfield code="k">Frankreich</subfield>
   <subfield code="k">Französische Kunstgeschichte nach Gattungen</subfield>
   <subfield code="k">Glasfenstermalerei</subfield>
   <subfield code="k">Glasfenstermalerei in französischen Landschaften</subfield>
   <subfield code="k">Burgund</subfield>
   <subfield code="k">gotisch</subfield>
   <subfield code="0">(DE-627)1274841488</subfield>
   <subfield code="0">(DE-625)rvk/101648:179</subfield>
   <subfield code="0">(DE-576)204841488</subfield>
  </datafield>
  <datafield tag="951" ind1=" " ind2=" ">
   <subfield code="a">BO</subfield>
  </datafield>
  <datafield tag="991" ind1=" " ind2=" ">
   <subfield code="a">Rezensiertes Werk</subfield>
  </datafield>
  <datafield tag="999" ind1=" " ind2=" ">
   <subfield code="a">KXP-PPN1611761166</subfield>
   <subfield code="e">4374047018</subfield>
  </datafield>
 </record>
</collection>
